| 000 | 00680nam a2200229Ia 4500 | ||
|---|---|---|---|
| 001 | 15069 | ||
| 003 | GE_BSU | ||
| 008 | 181216s||||||||xx |||||||||||||| ||und|| | ||
| 040 | _cGE_BSU | ||
| 080 | _a510+530.1 | ||
| 100 | _aВейль,Герман | ||
| 245 | _aИзбранные труды. Математика. Теоретическая физика | ||
| 245 | _cРед.В.П.Орлова. Челышкин,Ю.П. | ||
| 260 | _aМосква | ||
| 260 | _bНаука | ||
| 260 | _c1984 | ||
| 300 | _a510стр.22см. | ||
| 653 | _aИзбранные труды | ||
| 653 | _aМатематика. | ||
| 653 | _aТеоретическая физика | ||
| 942 | _cBK | ||
| 999 |
_c48187 _d48187 |
||